Welcome to WEB OPAC of MRSPTU Central Library

Taryan tp Parre (ਤਾਰਿਆਂ ਤੋਂ ਪਰੇ) (Record no. 10021)

MARC details
000 -LEADER
fixed length control field 00465nam a22001577a 4500
003 - CONTROL NUMBER IDENTIFIER
control field OSt
005 - DATE AND TIME OF LATEST TRANSACTION
control field 20240410160232.0
008 - FIXED-LENGTH DATA ELEMENTS--GENERAL INFORMATION
fixed length control field 240410b |||||||| |||| 00| 0 eng d
040 ## - CATALOGING SOURCE
Transcribing agency MRSPTU
100 ## - MAIN ENTRY--PERSONAL NAME
Personal name Gurwinder Singh Kamalpur (ਗੁਰਵਿੰਦਰ ਸਿੰਘ ਕਮਾਲਪੁਰ)
245 ## - TITLE STATEMENT
Title Taryan tp Parre (ਤਾਰਿਆਂ ਤੋਂ ਪਰੇ)
250 ## - EDITION STATEMENT
Edition statement 1st
260 ## - PUBLICATION, DISTRIBUTION, ETC.
Place of publication, distribution, etc. Patiala
Name of publisher, distributor, etc. Adab Parkashan
Date of publication, distribution, etc. 2004
300 ## - PHYSICAL DESCRIPTION
Extent 119
942 ## - ADDED ENTRY ELEMENTS (KOHA)
Source of classification or shelving scheme Dewey Decimal Classification
Koha item type Book
Suppress in OPAC No
Holdings
Withdrawn status Lost status Source of classification or shelving scheme Damaged status Not for loan Collection Home library Current library Date acquired Total checkouts Barcode Date last seen Date last checked out Price effective from Koha item type
    Dewey Decimal Classification     BK MRSPTU Central Library MRSPTU Central Library 04/10/2024 1 G-187 04/24/2025 02/07/2025 04/10/2024 Book

Website Designed and Developed by MRSPTU Central Library Team

E-mail Id: librarian@mrsptu.ac.in